Upper Ordovician and Silurian rocks of North Dakota, (Record no. 29708)
[ view plain ]
| 000 -LEADER | |
|---|---|
| fixed length control field | 00970cam a22002891 4500 |
| 001 - CONTROL NUMBER | |
| control field | gs 63000205 |
| 003 - CONTROL NUMBER IDENTIFIER | |
| control field | DLC |
| 005 - DATE AND TIME OF LATEST TRANSACTION | |
| control field | 20260227111412.0 |
| 008 - FIXED-LENGTH DATA ELEMENTS--GENERAL INFORMATION | |
| fixed length control field | 790425s1962 nduab b s000 0 eng c |
| 010 ## - LIBRARY OF CONGRESS CONTROL NUMBER | |
| LC control number | gs 63000205 |
| 035 ## - SYSTEM CONTROL NUMBER | |
| System control number | (OCoLC)4893298 |
| 040 ## - CATALOGING SOURCE | |
| Original cataloging agency | U.S. Geol. Survey. Libr. |
| Transcribing agency | MnMohC |
| Modifying agency | DLC |
| 042 ## - AUTHENTICATION CODE | |
| Authentication code | premarc |
| 043 ## - GEOGRAPHIC AREA CODE | |
| Geographic area code | n-us-nd |
| 050 00 - LIBRARY OF CONGRESS CALL NUMBER | |
| Classification number | QE149 |
| Item number | .C3 |
| 100 1# - MAIN ENTRY--PERSONAL NAME | |
| Personal name | Carlson, C. G. |
| Fuller form of name | (Clarence Gustav) |
| 245 10 - TITLE STATEMENT | |
| Title | Upper Ordovician and Silurian rocks of North Dakota, |
| Statement of responsibility, etc. | by C. G. Carlson and W. P. Eastwood. |
| 260 ## - PUBLICATION, DISTRIBUTION, ETC. | |
| Place of publication, distribution, etc. | Grand Forks, |
| Date of publication, distribution, etc. | 1962. |
| 300 ## - PHYSICAL DESCRIPTION | |
| Extent | ii, 52 p. |
| Other physical details | illus., maps. |
| Dimensions | 23 cm. |
| 410 20 - SERIES STATEMENT/ADDED ENTRY--CORPORATE NAME [OBSOLETE, CAN/MARC], [LOCAL, USA] | |
| Corporate name or jurisdiction name as entry element | North Dakota Geological Survey. |
| Title of a work | Bulletin |
| Volume number/sequential designation | 38 |
| 500 ## - GENERAL NOTE | |
| General note | Part of illustrative matter fold. in pocket. |
| 504 ## - BIBLIOGRAPHY, ETC. NOTE | |
| Bibliography, etc. note | Bibliography: p. 23-26. |
| 650 #0 - SUBJECT ADDED ENTRY--TOPICAL TERM | |
| Topical term or geographic name entry element | Geology |
| Geographic subdivision | North Dakota. |
| 650 #0 - SUBJECT ADDED ENTRY--TOPICAL TERM | |
| Topical term or geographic name entry element | Geology, Stratigraphic |
| Chronological subdivision | Ordovician. |
| 650 #0 - SUBJECT ADDED ENTRY--TOPICAL TERM | |
| Topical term or geographic name entry element | Geology, Stratigraphic |
| Chronological subdivision | Silurian. |
| 700 1# - ADDED ENTRY--PERSONAL NAME | |
| Personal name | Eastwood, William Parker, |
| Relator term | joint author. |
No items available.